Представление документа в формате MARC21

Поле Инд. ПП Название Значение
Тип записи a
Библиографический уровень m
001 Контрольный номер 20b472b6-408f-4271-b80c-08cfbc4003d0
005 Дата корректировки 20230505091246.4
008 Кодируемые данные 950630s1995 rur 00000 rus d
080 a Индекс УДК 78.03
084 a Индекс другой классификации/Индекс ББК Щ313(0)
090 c Каталожный индекс Щ313(0)
x Авторский знак Ч-15
a Полочн. индекс Щ313(0)
100 1_ a Автор Чайковский Петр Ильич
245 0_ a Заглавие Музыкально-критические статьи
c Ответственность [Вступ. ст. М. Овчинникова]
250 a Основные сведения об издании 4-е изд.
260 0_ a Место издания Ленинград
b Издательство Музыка
c Дата издания 1986
300 a Объем 364,[3] с.,[1] л. портр.
440 _0 a Серия Рус. классич. муз. критика
500 a Примечание Библиогр. в примеч.: с.330-365.
650 04 a Основная рубрика Музыка
x Основная подрубрика История
653 0_ a Ключевые слова История музыки
a Ключевые слова Музыка
700 1_ a Другие авторы Овчинников Михаил
e Роль лиц вступ. ст.
852 41 i Расстановочный признак Проверка 2023
920 a Оператор Семен
952 c Вид литературы К рн
954 a Дата поступления на обработку 25.12.97
e Дата перешифровки 20230505